Best Soccer Wingers 2020 - Statistics

General Stats
  • This quiz has been taken 118 times
  • The average score is 9 of 10
Answer Stats
Hint Answer % Correct
Liverpool Salah
99%
Barcelona Lionel Messi
97%
Liverpool Mane
96%
PSG Neymar
94%
Manchester City Sterling
91%
PSG Di Maria
79%
Juventus Cristiano Ronaldo
78%
Bayern Munich Gnabry
76%
Manchester City Mahrez
72%
Real Madrid Hazard
71%
No matching quizzes found
Score Distribution
Percent of People with Each Score
Percentile by Number Answered
Your Score History
You have not taken this quiz